000 00238nam a2200097Ia 4500
001 699238
005 20250826162107.0
008 250824s9999 xx 000 0 und d
245 0 _aAşk-ı A-la
_cŞems-i Tebrizi
260 _bDokuz Yayınları
999 _c699238
_d699238